00525nam a2200181Ia 4500003000500000008004100005020001800046040001900064082000700083100002300090245003400113260003400147300000800181546001200189942001200201999001700213952011300230STCL181203s9999 xx 000 0 und d a9780571149636 aSTCLbENcSTCL 222 ade la Mare, Walter 0aPeacock Pie: A Book of Rhymes bFaber and FaberaLondonc1988 a115 aEnglish 2ddccBK c84059d84059 00102ddc4070aSTCALbSTCALcGENd2018-12-03l0o821.912 DEL-Pp91860r2018-12-03 00:00:00w2018-12-03yBK